00409nam a2200133Ia 4500008004100000020001500041041001200056100001800068245012600086260002500212300000800237650001600245700001400261221030s9999 xx 000 0 und d a8120322431 aEnglish aJ. S. R. Jang 0aNeuro - Fuzzy & Soft Computing : A Computational Approach to Learning & Machine Intelligencecby J. S. R. Jang, C. T. Sun bPHIaNew Delhic2014 a614 aBE Computer aC. T. Sun